Online
Catalog

La ultima mudanza de Felipe Carrillo / (Record no. 8577)

MARC details
000 -CABECERA
campo de control de longitud fija 00752nam a2200241 a 4500
001 - NÚMERO DE CONTROL
campo de control 000008808
005 - FECHA Y HORA DE LA ÚLTIMA TRANSACCIÓN
campo de control 20200929161418.0
008 - DATOS DE LONGITUD FIJA--INFORMACIÓN GENERAL
campo de control de longitud fija 890406s1991 sp 000 1 spa c
010 ## - NÚMERO DE CONTROL DE LA BIBLIOTECA DEL CONGRESO
Número de control de LC 89130196
020 ## - NÚMERO INTERNACIONAL ESTÁNDAR DEL LIBRO
Número Internacional Estándar del Libro 8401429684
040 ## - FUENTE DE LA CATALOGACIÓN
Centro catalogador/agencia de origen DO-SdBNP
Centro/agencia transcriptor MH
Centro/agencia modificador BNPHU
082 ## - NÚMERO DE LA CLASIFICACIÓN DECIMAL DEWEY
Número de clasificación Pe863.44
Número de documento/Ítem B916u
049 ## - FONDOS LOCALES (OCLC)
Fondos de biblioteca BNGR
100 1# - ENTRADA PRINCIPAL--NOMBRE DE PERSONA
Nombre de persona Bryce Echenique, Alfredo,
Fechas asociadas al nombre 1939-
9 (RLIN) 15067
245 13 - MENCIÓN DE TÍTULO
Título La ultima mudanza de Felipe Carrillo /
Mención de responsabilidad, etc. Alfredo Bryce Echenique.
260 ## - PUBLICACIÓN, DISTRIBUCIÓN, ETC.
Lugar de publicación, distribución, etc. Esplugues de Llobregat, Barcelona :
Nombre del editor, distribuidor, etc. Plaza & Janes,
Fecha de publicación, distribución, etc. 1991.
300 ## - DESCRIPCIÓN FÍSICA
Extensión 218 p. ;
Dimensiones 19 cm.
490 1# - MENCIÓN DE SERIE
Mención de serie P & J literaria
Designación de volumen o secuencia 115/8
650 #4 - PUNTO DE ACCESO ADICIONAL DE MATERIA--TÉRMINO DE MATERIA
Término de materia o nombre geográfico como elemento de entrada Novela peruana
9 (RLIN) 12569
650 #4 - PUNTO DE ACCESO ADICIONAL DE MATERIA--TÉRMINO DE MATERIA
Término de materia o nombre geográfico como elemento de entrada Literatura peruana
9 (RLIN) 3140
830 #0 - PUNTO DE ACCESO ADICIONAL DE SERIE-TÍTULO UNIFORME
Título uniforme P & J literaria
Designación de volumen o secuencia 115/8
9 (RLIN) 10613
910 ## - DATOS DE OPCIÓN DEL USUARIO (OCLC)
Datos de opción del usuario Catalogación por copia / LC
Holdings
Estado de retiro Estado de pérdida Restricciones de uso No para préstamo Código de colección Localización permanente Ubicación/localización actual Ubicación en estantería Fecha de adquisición Número de inventario Total de préstamos Signatura topográfica completa Código de barras Fecha visto por última vez Precio válido a partir de Tipo de ítem Koha
    Préstamo interno   Monografías: Libros y Folletos General General En catalogación 18.09.2009 LF1   Pe863.44 B916u 8808-10 25.06.2020 25.06.2020 Préstamo interno

Powered by Koha